000 00643cam a2200193 4500500
005 20260405002343.0
041 _afre
042 _adc
100 1 0 _aUngerer, Tomi
_eauthor
245 0 0 _a“Pourquoi les adultes nous font-ils croire au Père Noël (et à la petite souris et à tout le reste…) ?”
260 _c2017.
500 _a34
690 _aBonheur
690 _aDigestion
690 _aSourire
690 _aTomi Ungerer
786 0 _nPhilosophie magazine | 106 | 2 | 2017-02-01 | p. 10-10 | 1951-1787
856 4 1 _uhttps://shs.cairn.info/magazine-philosophie-magazine-2017-2-page-10?lang=fr&redirect-ssocas=7080
999 _c2056910
_d2056910